LEADER 01412nlm 2200277Ia 450 001 996456250703316 005 20220210090257.0 010 $a0-520-24594-6 100 $a20050922d2006---- uy 0 101 0 $aeng 102 $aUS 135 $adrcnu 200 1 $a<> critical cinema 5$einterviews with independent filmmakers$fScott MacDonald 210 1 $aBerkeley [etc.]$cUniversity of California Press$d2006 215 $aTesto elettronico (PDF) (X, 451 p.)$cill. 230 $aBase dati testuale 330 $aA Critical Cinema 5 è il quinto volume della serie Critical Cinema di Scott MacDonald, la più ampia e approfondita esplorazione del cinema indipendente disponibile in inglese. In questa nuova serie di interviste, MacDonald coinvolge i registi in discussioni dettagliate sui loro film, sulle esperienze personali e sulle correnti politiche e teoriche che hanno plasmato il loro lavoro. Le interviste sono organizzate per esprimere la notevole diversità del cinema indipendente moderno e la comunità di registi che si è dedicata alla produzione di forme di cinema che criticano i media convenzionali. 606 0 $aCinema sperimentale$yStati Uniti d'America$2BNCF 676 $a791.430973 700 1$aMACDONALD,$bScott$0939071 801 2$bcba$aIT$bcba$gREICAT 912 $a996456250703316 959 $aEB 969 $aER 996 $aCritical cinema 5$92586948 997 $aUNISA